[Event "Festival Open"]
[Site "Limone Piemonte ITA"]
[Date "2000.07.??"]
[Round "?"]
[White "De Santis, Alessio"]
[Black "Delchev, Aleksander"]
[Result "1-0"]
[WhiteElo "2309"]
[BlackElo "2557"]
[PlyCount "47"]
[EventDate "2000.07.02"]

1.d4 Nf6 2.c4 g6 3.Nc3 d5 4.cxd5 Nxd5 5.e4 Nxc3 6.bxc3 Bg7 7.Bc4 c5 8.Ne2 
Nc6 9.Be3 O-O 10.Rc1 cxd4 11.cxd4 Qa5+ 12.Kf1 Bd7 13.h4 Rfc8 14.h5 Nd8 15.
hxg6 hxg6 16.Bh6 Bxh6 17.Rxh6 Qg5 18.Rh2 b5 19.f4 Qf6 20.e5 Qf5 21.Kf2 
bxc4 22.Qh1 f6 23.Rh8+ Kf7 24.d5 1-0